000 00419nam a22001697a 4500
003 OSt
005 20211012163952.0
008 211012b |||||||| |||| 00| 0 eng d
040 _cHAWASSA UNIVERSITY
050 _a631.4/SOI
_b1
082 _a631.4/SOI
_b1
100 _aBEAR FIRMAN E.
_913016
245 _aSOILS RELATION TO CROP GROWTH
260 _aNEW YORK
_bLONDON
_c1965
300 _a297
942 _2ddc
_cBOOKS
_n0
999 _c12129
_d12129